000 00421nam a22001337a 4500
008 170303b xxu||||| |||| 00| 0 eng d
050 _aK12.E3575(1989 Vol.9)
245 _aLegal Studies: The Journal of the society of public teachers of Law. /
_cedited by J. A. Andrews.
260 _aLondon:
_bButterworth,
_c1989.
300 _aiv, 341p.:
_c24cm.
440 _vvol.9
_x02613875
700 _aJ.A Andrew.
942 _2lcc
_cBK
999 _c6313
_d13813